Llwytho...
Molecular biology and biochemistry
| Prif Awdur: | |
|---|---|
| Fformat: | Printed Book |
| Iaith: | Undetermined English |
| Cyhoeddwyd: |
Sanfrancisco
W . H Freeman and Company
1978
|
| Pynciau: |
| LEADER | 00660nam a2200205Ia 4500 | ||
|---|---|---|---|
| 008 | 140306s9999 xx 000 0 und d | ||
| 041 | |a eng | ||
| 082 | |a 574 .8 |b FRE/MO | ||
| 100 | |a Freifelder, D | ||
| 245 | |a Molecular biology and biochemistry | ||
| 260 | |a Sanfrancisco |b W . H Freeman and Company |c 1978 | ||
| 300 | |a 308 | ||
| 365 | |b U.S.D.7.95 | ||
| 440 | |v A Series Of Books in Biology | ||
| 650 | |a cell biology | ||
| 650 | |a Cytology | ||
| 650 | |a histology | ||
| 942 | |2 ddc |c BK | ||
| 999 | |c 108261 |d 108261 | ||
| 952 | |0 0 |1 0 |2 ddc |4 0 |6 574__800000000000000_FREMO |7 0 |9 105590 |a KAUHCV |b KAUHCV |d 2004-03-22 |g 0.00 |o 574 .8 FRE/MO |p KAU_HCV-12256 |r 2014-03-22 |w 2014-03-22 |y BK | ||